00296nam a22001097a 4500020001800000040000900018082001600027100002000043245005600063260004700119650002000166 a9780471468547 cNust a6358.4bALL aAllard, Kenneth aBusiness As Warbbattling for Competitive Advantage aNew Jersey:bJohn Wiley & Sons Inc,c2004. aBusiness As War